Statistics for U.S. States with most Indian Reservations

Click here to take the quiz!

General Stats

  • This quiz has been taken 137 times
  • The average score is 13 of 16

Answer Stats

#State% Correct
106California
95%
21Arizona
92%
26New Mexico
92%
27Washington
91%
11South Dakota
89%
8Montana
88%
11Oregon
86%
7Utah
85%
28Nevada
84%
10Florida
81%
13Minnesota
78%
7Nebraska
78%
10New York
72%
12Wisconsin
71%
13Michigan
64%
6Maine
55%

Score Distribution

Percentile by Number Answered

Percent of People with Each Score

Your Score History

You have not taken this quiz